MARC

LEADER 00000nam0a2200000 4500
001 64814
005 20231031065951.0
010 |a 5120012914 
035 |a (RuTPU)RU\TPU\book\68811 
090 |a 64814 
100 |a 20040609d1990 k y0rusy50 ca 
101 0 |a rus 
102 |a UA 
105 |a a z 001zy 
200 1 |a Надежность и испытания технических систем  |f Е. С. Переверзев  |g Академия наук Украинской ССР, Институт технической механики 
210 |a Киев  |c Наукова думка  |d 1990 
215 |a 326 с.  |c ил. 
320 |a Библиогр.: с. 315-327. 
610 1 |a технические системы 
610 1 |a надежность 
610 1 |a испытания 
610 1 |a статистические методы 
610 1 |a случайные процессы 
610 1 |a случайные величины 
675 |a 62-192  |v 3 
700 1 |a Переверзев  |b Е. С.  |g Евгений Семенович 
712 0 2 |a Академия наук Украинской ССР (АН УССР)  |b Институт технической механики  |2 stltpush  |3 (RuTPU)RU\TPU\col\11066 
801 1 |a RU  |b 63413507  |c 20040609  |g PSBO 
801 2 |a RU  |b 63413507  |c 20120918  |g PSBO 
942 |c BK